000 00763cam a22002533a 4500
001 19561
003 PGUSA
005 20140828083420.0
008 061017s2006||||xxu|||||s|||||000 1 eng d
040 _aPGUSA
_beng
042 _adc
050 4 _aPZ
100 1 _aHope, Laura Lee
245 1 4 _aThe Outdoor Girls in a Motor Car; Or, The Haunted Mansion of Shadow Valley
_h[electronic resource] /
_cLaura Lee Hope
260 _bProject Gutenberg,
_c2006
506 _aPublic domain in the USA.
516 _aElectronic text
653 _aAdventure stories
653 _aAutomobile travel -- Juvenile fiction
653 _aGirls -- Juvenile fiction
830 0 _aProject Gutenberg
_v19561
856 4 0 _uhttp://www.gutenberg.org/ebooks/19561
942 _cEB
999 _c248816
_d248816